| 000 | 00751cam a2200241 a 4500 | ||
|---|---|---|---|
| 001 | 4522623 | ||
| 005 | 20250122165556.0 | ||
| 008 | 990526s2000 ohua b 001 0 eng | ||
| 020 | _a0324002327 (alk. paper) | ||
| 020 | _a9780324002324 | ||
| 050 | 0 | 0 |
_aHF5686.C8 _bH239 2000 |
| 082 | 0 | 0 |
_a658.15/52 _221 |
| 100 | 1 | _aHansen, Don R. | |
| 245 | 1 | 0 |
_aCost management : _baccounting and control / _cDon R. Hansen, Maryanne M. Mowen. |
| 250 | _a3rd ed. | ||
| 260 |
_aCincinnati, Ohio : _bSouth-Western College Pub., _cc2000. |
||
| 300 |
_axxiii, 952 p. : _bcol. ill. ; _c29 cm. |
||
| 650 | 0 | _aCost accounting. | |
| 650 | 0 | _aActivity-based costing. | |
| 650 | 0 | _aManagerial accounting. | |
| 700 | 1 | _aMowen, Maryanne M. | |
| 942 |
_2lcc _cBK _e3rd Ed. _n0 |
||
| 999 |
_c2833 _d2833 |
||